Практическая энзимология: [учебное пособие]; пер. с англ.

Podrobná bibliografie
Hlavní autor: Биссвангер Х. Ханс
Další autoři: Мосолова Т. П. (переводчик), Левашов А. В. (автор предисловия)
Shrnutí:В учебном издании, написанном известным ученым из Германии, рассмотрены теоретические основы энзимологии, применяемых в этой научной области методов, а также приведены описания основополагающих лабораторных работ. Для студентов-химиков, биохимиков и биологов, специалистов, работающих в исследовательских и промышленных лабораториях, а также для медиков — научных работников.
Jazyk:ruština
Vydáno: Москва, БИНОМ. Лаборатория знаний, 2018
Edice:Методы в биологии
Témata:
Médium: MixedMaterials Kniha
KOHA link:https://koha.lib.tpu.ru/cgi-bin/koha/opac-detail.pl?biblionumber=325086

MARC

LEADER 00000nam0a2200000 4500
001 325086
005 20231102003729.0
010 |a 9785947749403 
035 |a (RuTPU)RU\TPU\book\350697 
035 |a RU\TPU\book\209953 
090 |a 325086 
100 |a 20110303d2018 m y0rusy50 ca 
101 1 |a rus  |c eng 
102 |a RU 
105 |a a j 001zy 
200 1 |a Практическая энзимология  |e [учебное пособие]  |e пер. с англ.  |f Х. Биссвангер  |g пер. Т. П. Мосоловой ; авт. предисл. А. В. Левашов 
210 |a Москва  |c БИНОМ. Лаборатория знаний  |d 2018 
215 |a 328 с.  |c ил. 
225 1 |a Методы в биологии 
320 |a Библиография в конце глав 
320 |a Предметный указатель: с. 322-328 
330 |a В учебном издании, написанном известным ученым из Германии, рассмотрены теоретические основы энзимологии, применяемых в этой научной области методов, а также приведены описания основополагающих лабораторных работ. Для студентов-химиков, биохимиков и биологов, специалистов, работающих в исследовательских и промышленных лабораториях, а также для медиков — научных работников. 
606 1 |a Энзимология  |2 stltpush  |3 (RuTPU)RU\TPU\subj\21373  |9 46380 
610 1 |a практическая энзимология 
610 1 |a ферменты 
610 1 |a номенклатура 
610 1 |a ферментативные реакции 
610 1 |a уравнение Михаэлиса-Ментен 
610 1 |a ферментативный анализ 
610 1 |a иммуноферментный анализ 
610 1 |a связывание 
610 1 |a спектральные методы 
610 1 |a иммобилизация 
610 1 |a биореакторы 
610 1 |a биосенсоры 
610 1 |a медицина 
610 1 |a учебные пособия 
675 |a 577.15(075.8)  |v 3 
700 1 |a Биссвангер  |b Х.  |g Ханс 
702 1 |a Мосолова  |b Т. П.  |4 730 
702 1 |a Левашов  |b А. В.  |4 080 
801 1 |a RU  |b 63413507  |c 20161128 
801 2 |a RU  |b 63413507  |c 20191118  |g RCR 
942 |c BK 
959 |a 2/20170120  |d 1  |e 330,00  |f ЧЗТЛ:1